[Event "Vojvodina-chT"]
[Site "Novi Sad"]
[Date "2017.11.18"]
[Round "7.1"]
[White "Bokros, Albert"]
[Black "Andjusic, Ilija"]
[Result "1-0"]
[WhiteElo "2483"]
[BlackElo "1797"]
[PlyCount "24"]
[EventDate "2017.11.13"]
[EventType "team-tourn"]
[EventRounds "11"]
[EventCountry "SRB"]
[SourceTitle "CBM 181 Extra"]
[Source "ChessBase"]
[SourceDate "2017.12.12"]
[SourceVersion "1"]
[SourceVersionDate "2017.12.12"]
[SourceQuality "1"]
[WhiteTeam "Krajisnik Krajina"]
[BlackTeam "Gajdobra Hercegovac"]
[WhiteTeamCountry "SRB"]
[BlackTeamCountry "SRB"]

1. e4 d6 2. d4 Nf6 3. Nc3 g6 4. Bg5 Bg7 5. Qd2 a6 6. f4 b5 7. e5 dxe5 8. fxe5 Nd5 9. Ne4 h6 10. Bh4 g5 11. Bg3 Nb6 12. h4 f5 1-0